00962nam a22002772a 450000100060000000300080000600500170001400800410003103500190007204000280009104100080011908200220012710000420014924500660019125000110025726000430026830000380031149000360034950400360038565000330042170000390045483000440049394200120053799900170054995201180056674926BD-RjUL20211209082624.0860101s1949 nyuab b 000 0 eng d a(BD-RjUL)75144 aDLCcYNGdOCLdEQObeng aeng a910223bFRE 19491 aFreeman, Otis Willard,d1889-922630500aEssentials of geography. /cby Otis W. Freeman and H. F. Raup a1st ed aNew York :bMcGraw-Hill Book Co,c1949 avii, 487 p.billus., maps.c26 cm1 aMcGraw-Hill series in geography aIncludes "Selected references." 0aGeographyvTextbooks92263061 aRaup, Hallock Floyd,d1901-931001 0aMcGraw-Hill series in geography9226308 2ddccBK c74926d74926 00102ddc40718NFICaRUCLbRUCLcReadingd2018-12-22l0o910 FRE 1949r2018-12-22 00:00:00tC-1w2018-12-22yBK